| 000 | 01049cam a2200229 4500 | ||
|---|---|---|---|
| 008 | 030717n2003 000 0 eng u | ||
| 020 | _a1860815332 | ||
| 035 | _a(Sirsi) u123036 | ||
| 041 | _aeng | ||
| 050 |
_a333.72 _c18 |
||
| 100 | _aBrownhill, Deborah | ||
| 245 | 2 |
_aA sustainability checklist for developments _ba common framework for developers and local authorities |
|
| 260 |
_aLondon _bCRC _c2003 |
||
| 300 |
_avi, 88p. _bill. _c30cm. |
||
| 490 |
_aBRE Report _vBR 436 |
||
| 520 | _aDesigned to used by anybody involved in the planning or building of large developments and regeneration project this book provides practical tools and indicators for measuring the sustainability of both buildings and infrastructure. The checklist is intended for use in support of the sustainability aims of local development plans, reflecting current planning policy guidance. | ||
| 650 | _aSUSTAINABLE DEVELOPMENT FRAMEWORKS | ||
| 650 | _aSUSTAINABILITY INDICATORS | ||
| 690 | _aDEVELOPMENT-SUSTAINABLE | ||
| 700 | _aRao, Susheel | ||
| 942 | _n0 | ||
| 999 |
_c102982 _d102982 |
||